5HLuxD.jpg

KING HENRY VIII SENIOR AND PRIMARY SCHOOL LIBRARY OPAC

Reference world atlas : (Record no. 441)

000 -LEADER
fixed length control field 01523nem a2200457 i 4500
001 - CONTROL NUMBER
control field 020620386
003 - CONTROL NUMBER IDENTIFIER
control field UkOxU
005 - DATE AND TIME OF LATEST TRANSACTION
control field 20190814152824.0
007 - PHYSICAL DESCRIPTION FIXED FIELD--GENERAL INFORMATION
fixed length control field ad canzn
008 - FIXED-LENGTH DATA ELEMENTS--GENERAL INFORMATION
fixed length control field 160401s2016 enkab e 01| eng d
015 ## - NATIONAL BIBLIOGRAPHY NUMBER
National bibliography number GBB674779
Source bnb
016 7# - NATIONAL BIBLIOGRAPHIC AGENCY CONTROL NUMBER
Record control number 017868845
Source Uk
020 ## - INTERNATIONAL STANDARD BOOK NUMBER
International Standard Book Number 9780241226339
Qualifying information hardback
034 0# - CODED CARTOGRAPHIC MATHEMATICAL DATA
Category of scale a
Coordinates--westernmost longitude W1800000
Coordinates--easternmost longitude E1800000
Coordinates--northernmost latitude N0900000
Coordinates--southernmost latitude S0900000
Source bound
035 ## - SYSTEM CONTROL NUMBER
System control number (Uk)017868845
035 ## - SYSTEM CONTROL NUMBER
System control number (StEdALDL)1/3454954
040 ## - CATALOGING SOURCE
Original cataloging agency StDuBDS
Language of cataloging eng
Description conventions rda
Transcribing agency StDuBDS
Modifying agency UkOxU
049 ## - LOCAL HOLDINGS (OCLC)
Holding library CROBAR
082 04 - DEWEY DECIMAL CLASSIFICATION NUMBER
Classification number 912 REF
Edition number 23
245 00 - TITLE STATEMENT
Title Reference world atlas :
Remainder of title everything you need to know about our planet today.
246 14 - VARYING FORM OF TITLE
Title proper/short title Reference world atlas :
Remainder of title everything you need to know about our planet today.
250 ## - EDITION STATEMENT
Edition statement 10th edition.
255 ## - CARTOGRAPHIC MATHEMATICAL DATA
Statement of scale Scales differ
Statement of coordinates (W 180°00ʹ00ʺ--E 180°00ʹ00ʺ/N 84°59ʹ00ʺ--S 85°00ʹ00ʺ).
264 #1 - PRODUCTION, PUBLICATION, DISTRIBUTION, MANUFACTURE, AND COPYRIGHT NOTICE
Place of production, publication, distribution, manufacture London :
Name of producer, publisher, distributor, manufacturer DK Penguin Random House,
Date of production, publication, distribution, manufacture, or copyright notice 2016.
264 #4 - PRODUCTION, PUBLICATION, DISTRIBUTION, MANUFACTURE, AND COPYRIGHT NOTICE
Date of production, publication, distribution, manufacture, or copyright notice ©2016
300 ## - PHYSICAL DESCRIPTION
Extent 1 atlas (lvi, 350 pages) :
Other physical details illustrations (colour), maps (colour) ;
Dimensions 37 cm
336 ## - CONTENT TYPE
Content type term text
Source rdacontent
336 ## - CONTENT TYPE
Content type term still image
Source rdacontent
336 ## - CONTENT TYPE
Content type term cartographic image
Source rdacontent
337 ## - MEDIA TYPE
Media type term unmediated
Source rdamedia
338 ## - CARRIER TYPE
Carrier type term volume
Source rdacarrier
500 ## - GENERAL NOTE
General note Previous edition: 2013.
500 ## - GENERAL NOTE
General note Includes index.
650 #0 - SUBJECT ADDED ENTRY--TOPICAL TERM
Topical term or geographic name entry element Atlases
Geographic subdivision Great Britain.
655 #7 - INDEX TERM--GENRE/FORM
Genre/form data or focus term Atlases.
Source of term lcgft
942 ## - ADDED ENTRY ELEMENTS (KOHA)
Source of classification or shelving scheme
Koha item type Reference
980 ## - EQUIVALENCE OR CROSS-REFERENCE-SERIES STATEMENT--PERSONAL NAME/TITLE [LOCAL, CANADA]
Miscellaneous information 1
Date of a work 1/3454954
981 ## - EQUIVALENCE OR CROSS-REFERENCE-SERIES STATEMENT--CORPORATE NAME/TITLE [LOCAL, CANADA]
Date of meeting or treaty signing Agency file oxf2016-30.1
Holdings
Withdrawn status Lost status Source of classification or shelving scheme Damaged status Not for loan Collection code Permanent Location Current Location Shelving location Date acquired Full call number Barcode Date last seen Price effective from Koha item type
          Reference KH8 Senior School Library KH8 Senior School Library Reference 2019-08-14 912 REF 3KHSL000100261 2019-08-14 2019-08-14 Reference

Powered By KH8 IT Dept